| 000 | 00000nam##2200000za#4500 |
| 001 | 9.651895 |
| 003 | CaOODSP |
| 005 | 20240209132417 |
| 007 | ta |
| 008 | 150407|2005||||xxc||||| f|0| 0 eng|d |
| 040 | |aCaOODSP|beng |
| 043 | |an-cn--- |
| 086 | 1 |aIu89-4/54-2005E |
| 110 | 2 |aAtlantic Canada Opportunities Agency. |
| 245 | 10|aRoundtable on improving competitiveness and productivity in Atlantic Canada / |cprepared by Atlantic Provinces Community College Consortium (APCCC). |
| 260 | |aGrand Falls-Windsor - Newfoundland and Labrador : |bAtlantic Canada Opportunities Agency |c[2005?]. |
| 300 | |a67p. : |bmap, references ; |c28 cm. |
| 500 | |a"This policy research is sponsored by the Atlantic Canada Opportunity Agency (ACOA) under the Atlantic Policy Research Initiative." |
| 504 | |aBibliography. |
| 520 | 3 |aThe Atlantic Provinces Community College Consortium (APCCC) coordinated a Roundtable to better understand issues impacting competitiveness and productivity, and to identify creative and innovative solutions/enhancements to improve the competitiveness and productivity of Atlantic Canada. |
| 563 | |aCerlox |
| 590 | |a10-06|b2010-02-12 |
| 690 | 07|aAtlantic provinces|2gcpds |
| 690 | 07|aCompetitiveness|2gcpds |
| 690 | 07|aProductivity|2gcpds |
| 775 | 08|tTable ronde sur les moyens d'améliorer la compétitivité et la productivité au Canada atlantique / |w(CaOODSP)9.684893 |
| 776 | 0#|tRoundtable on Improving Competitiveness and Productivity in Atlantic Canada. Appendix I, : |w(CaOODSP)9.694051 |
| 776 | 0#|tRoundtable on improving competitiveness and productivity in Atlantic Canada - final report |w(CaOODSP)9.694069 |
| 776 | 0#|tRoundtable on improving competitiveness and productivity in Atlantic Canada. Appendix III, : |w(CaOODSP)9.694071 |
| 776 | 0#|tRoundtable on Improving Competitiveness and Productivity in Atlantic Canada. Appendix IV, : |w(CaOODSP)9.694072 |
| 776 | 0#|tRoundtable on improving competitiveness and productivity in Atlantic Canada. Appendix II, : |w(CaOODSP)9.694070 |